Statistics for Salma's Favorite Cartoon Characters 2023

Click here to take the quiz!

General Stats

  • This quiz has been taken 5 times
  • The average score is 27 of 50

Answer Stats

% Correct
DCBatman
100%
Ben 10Ben
100%
The Amazing World of GumballDarwin
100%
Top 10Gumball
100%
Total DramaHeather
100%
Teen TitansBeast Boy
67%
Powerpuff GirlsBubbles
67%
Powerpuff GirlsButtercup
67%
DCCatwoman
67%
Teen TitansCyborg
67%
Looney Tunes ShowDaffy Duck
67%
FuturamaFry
67%
Ben 10Gwen
67%
Top 10Harley Quinn
67%
Ben 10Kevin
67%
Adventure TimeMarceline
67%
Monkie KidMei
67%
Mickey MouseMickey Mouse
67%
Monkie KidMK
67%
DCNightwing
67%
DCPoison Ivy
67%
Teen TitansRaven
67%
Spongebob SquarepantsSquidward
67%
DCStarfire
67%
Family GuyStewie
67%
WakfuYugo
67%
Top 10Zim
67%
Top 10Archer
33%
Young JusticeConner
33%
DucktalesDonald Duck
33%
Top 10Eclipsa
33%
FuturamaFarnsworth
33%
American DadFrancine
33%
Invader ZimGir
33%
WakfuGoultard
33%
The BoondocksHuey
33%
Monkie KidMacaque
33%
Top 10Monkey King
33%
The BackyardigansPablo
33%
DCPlastic Man
33%
Top 10Roger
33%
DCShazam
33%
American DadStan
33%
American DadSteve
33%
Top 10Stitch
33%
Top 10Toph
33%
WakfuTristepin
33%
Top 10Velma
33%
Code LyokoXana
33%
Yin Yang YoYang
33%

Score Distribution

Percentile by Number Answered

Percent of People with Each Score

Your Score History

You have not taken this quiz